| 000 | 01884cam a22004934i 4500 | ||
|---|---|---|---|
| 003 | PE-LiUPU | ||
| 005 | 20250731173343.0 | ||
| 008 | 150706s r 000 0 d | ||
| 020 | _a8481696296 | ||
| 035 | _a(Sirsi) i9788481696295 | ||
| 040 |
_aPE-LiUPU _bspa _cPE-LiUPU _erda |
||
| 049 | _aPRUA | ||
| 082 | 0 | 4 |
_a222.42 _bM26 _221 |
| 100 | 1 |
_aMartínez Sáiz, Teresa, _eautor. |
|
| 245 | 1 | 0 |
_aTraducciones arameas de la Biblia : _blos targumim del Pentateuco : versión crítica en edición sinóptica de los Targumim Neofiti y PseudoJonatán con variantes, glosas y notas / _cTeresa Martínez Sáiz ; introducción, Josep Ribera-Florit ; apéndice de materias, Miguel Pérez Fernández . |
| 264 | 1 |
_aEstella (Navarra) : _bVerbo Divino, _c2004. |
|
| 300 |
_a374 páginas ; _c24 centímetros |
||
| 336 |
_atext _2rdacontent |
||
| 337 |
_aunmediated _2rdamedia |
||
| 338 |
_avolume _2rdacarrier |
||
| 490 | 0 |
_aBiblioteca midrásica ; _v28 |
|
| 500 | _aI Génesis. | ||
| 504 | _aIncluye bibliografía. | ||
| 505 | 0 | _aSiglas y abreviaturas -- Génesis. | |
| 526 | _aSEG42 | ||
| 526 | _aSEG41 | ||
| 526 | _aSEG40 | ||
| 526 | _aSEG39 | ||
| 526 | _aP94 | ||
| 526 | _aP87 | ||
| 526 | _aP86 | ||
| 526 | _aP85 | ||
| 526 | _aP77 | ||
| 526 | _aP76 | ||
| 526 | _aP35 | ||
| 541 | _g007-0020315; | ||
| 630 |
_aBiblia. _pA.T. _lArameo _vTraducciones . |
||
| 910 |
_agl _bjv _clch _d20091007 |
||
| 942 |
_2ddc _cBOOK |
||
| 949 |
_a222.42 M26 _wDEWEY _c1 _i60348 _lCCODEBUL1 _mBUL _p34.00 _r0 _sY _tBOOK _u2015-7-6 _xTEOLOGIA _zUNKNOWN _0COMPRA _o.STAFF. Colección General |
||
| 994 |
_aC0 _bPEPRU |
||
| 596 | _a1 | ||
| 999 |
_a222.42 M26 _wDEWEY _c49810 _i60348 _d49810 _e2019-3-28 _f2021-11-9 _g5 _lCCODEBUL1 _mBUL _n2 _p34.00 _q1 _r0 _sY _tBOOK _u2015-7-6 _xTEOLOGIA _zUNKNOWN _0COMPRA _o.STAFF. Colección General |
||
| 980 |
_81 _gALBERTO SANCHEZ Responsable de Automatización |
||